Bogotá, de la construcción al deterioro : (Registro nro. 5852)

Detalles MARC
000 -LEADER
fixed length control field 01552nam a2200289Ia 4500
003 - CONTROL NUMBER IDENTIFIER
control field OSt
005 - DATE AND TIME OF LATEST TRANSACTION
control field 20200513115907.0
008 - FIXED-LENGTH DATA ELEMENTS--GENERAL INFORMATION
fixed length control field 191128s2009 ck ad gr 000 0dspa d
020 ## - INTERNATIONAL STANDARD BOOK NUMBER
International Standard Book Number 9789587380477
040 ## - CATALOGING SOURCE
Original cataloging agency CO-JMCR
Transcribing agency CO-JMCR
041 0# - LANGUAGE CODE
Language code of text/sound track or separate title spa
082 04 - DEWEY DECIMAL CLASSIFICATION NUMBER
Classification number 307 .1416 /
Item number S348b
Edition number 23
100 1# - MAIN ENTRY--PERSONAL NAME
Personal name Silva Nigrinis, Alicia Eugenia,
Relator term autora
9 (RLIN) 4245
245 10 - TITLE STATEMENT
Title Bogotá, de la construcción al deterioro :
Remainder of title 1995-2007 /
Statement of responsibility, etc. Alicia Eugenia Silva Nigrinis, Federico Pérez Fernández, Francisco Ruiz Perdonard, Tomás Martín Jiménez
250 ## - EDITION STATEMENT
Edition statement Primera edición
260 ## - PUBLICATION, DISTRIBUTION, ETC.
Place of publication, distribution, etc. Bogotá :
Name of publisher, distributor, etc. Universidad del Rosario,
Date of publication, distribution, etc. 2009
300 ## - PHYSICAL DESCRIPTION
Extent 181 páginas :
Other physical details gráficos ;
Dimensions 24 cm.
504 ## - BIBLIOGRAPHY, ETC. NOTE
Bibliography, etc. note Incluye bibliografía.
505 ## - FORMATTED CONTENTS NOTE
Formatted contents note Los problemas del gobierno de Bogotá -- Cultura ciudadana como innovación en política pública: la primera administración de Antanas Mockus (1995-1997) -- La ciudad para la gente: la administración de Enrique Peñalosa (1998-2000) -- Construir sobre lo cons
520 ## - SUMMARY, ETC.
Summary, etc. Este libro estudia comparativamente las principales políticas públicas que se aplicaron en Bogotá en las alcaldías de Antana Mockus, Enrique Peñalosa, la segunda de Antanas Mockus y luis Eduardo Garzón.
650 14 - SUBJECT ADDED ENTRY--TOPICAL TERM
Topical term or geographic name entry element Desarrollo urbano
Geographic subdivision Bogotá (Colombia)
9 (RLIN) 4246
650 24 - SUBJECT ADDED ENTRY--TOPICAL TERM
Topical term or geographic name entry element Sociología urbana Rehabilitación urbana
Geographic subdivision Bogotá (Colombia)
9 (RLIN) 4247
700 1# - ADDED ENTRY--PERSONAL NAME
Personal name Pérez Fernández, Federico,
Relator term autor
9 (RLIN) 4248
700 1# - ADDED ENTRY--PERSONAL NAME
Personal name Ruiz Perdonard, Francisco,
Relator term autor
9 (RLIN) 4249
700 1# - ADDED ENTRY--PERSONAL NAME
Personal name Martín Jiménez, Tomás,
Relator term autor
9 (RLIN) 4250
942 ## - ADDED ENTRY ELEMENTS (KOHA)
Source of classification or shelving scheme Dewey Decimal Classification
Koha item type Books
Existencias
Withdrawn status Lost status Source of classification or shelving scheme Materials specified (bound volume or other part) Damaged status Not for loan Home library Current library Shelving location Date acquired Source of acquisition Cost, normal purchase price Total Checkouts Full call number Barcode Date last seen Copy number Price effective from Koha item type
    Dewey Decimal Classification Donación--15/04/2018--     Biblioteca Pública José María del Castillo y Rada Biblioteca Pública José María del Castillo y Rada General Stacks 11/28/2019 Donación 0.00   307.1416 / S348b 430006033 05/16/2024 Ej.1 11/28/2019 Books